សំបុត្ររបស់សាវីតា / (Record no. 9405)

MARC details
000 -LEADER
fixed length control field 01754nam a22003377a 4500
001 - CONTROL NUMBER
control field 9405
003 - CONTROL NUMBER IDENTIFIER
control field FISKH
005 - DATE AND TIME OF LATEST TRANSACTION
control field 20260105141256.0
008 - FIXED-LENGTH DATA ELEMENTS--GENERAL INFORMATION
fixed length control field 260105b cb ||||| |||| 00| 0 eng d
020 ## - INTERNATIONAL STANDARD BOOK NUMBER
International Standard Book Number 9789995054090
020 ## - INTERNATIONAL STANDARD BOOK NUMBER
International Standard Book Number 9995054094
040 ## - CATALOGING SOURCE
Original cataloging agency FISKH
Language of cataloging khr
Transcribing agency FISKH
Modifying agency FISKH
050 ## - LIBRARY OF CONGRESS CALL NUMBER
Classification number PZ7
082 ## - DEWEY DECIMAL CLASSIFICATION NUMBER
Classification number 940
100 ## - MAIN ENTRY--PERSONAL NAME
Personal name Hoestland , Joe
245 ## - TITLE STATEMENT
Title សំបុត្ររបស់សាវីតា /
Statement of responsibility, etc. By Joe Hoestland
260 ## - PUBLICATION, DISTRIBUTION, ETC.
Place of publication, distribution, etc. Phnom Penh :
Name of publisher, distributor, etc. 3D Graphics Publishing ,
Date of publication, distribution, etc. 2006 .
300 ## - PHYSICAL DESCRIPTION
Extent 32 pages :
Other physical details color illustrations ;
Dimensions 20 cm .
490 ## - SERIES STATEMENT
Series statement ខ្ញុំចង់អាន
505 ## - FORMATTED CONTENTS NOTE
Formatted contents note R <br/>
520 ## - SUMMARY, ETC.
Summary, etc. សាវីតារស់នៅប្រទេសឥណ្ឌា​ក្នុងផ្ចះដ៏ស្កឹមស្កៃមួយ​ ។ ប៉ុន្តែផ្ទះនោះមិនមែនជារបស់នាងទេ ។ នាងធ្វើការជាអ្នកបម្រើគេនៅទីនោះ ។ ថ្ងៃមួយនាងទទួលបានសំបុត្រមួយតែនាងមិនចេះអានទេ ។ តើនរណាជាអ្នកសរសេរវា ?
520 ## - SUMMARY, ETC.
Summary, etc. Savita lived in a big mansion in India. However, it was not her own house. She was a maid there. One day, she received a letter, but she couldn't read. Who wrote this letter?
521 8# - TARGET AUDIENCE NOTE
Target audience note 680​<br/>
Source Lexile estimate <br/>
521 8# - TARGET AUDIENCE NOTE
Target audience note R <br/>
Source Raz-Plus <br/>
650 ## - SUBJECT ADDED ENTRY--TOPICAL TERM
Topical term or geographic name entry element សំបុត្ររបស់សាវីតា
Form subdivision រឿងនិទានកុមារ
650 ## - SUBJECT ADDED ENTRY--TOPICAL TERM
Topical term or geographic name entry element Savita's Letter
Form subdivision Children's Stories
700 ## - ADDED ENTRY--PERSONAL NAME
Personal name Sithy , Hok
Relator term Illustrator
700 ## - ADDED ENTRY--PERSONAL NAME
Personal name Sontepheap , Lim
Relator term Illustrator
942 ## - ADDED ENTRY ELEMENTS (KOHA)
Source of classification or shelving scheme Dewey Decimal Classification
Koha item type Khmer Books
Suppress in OPAC No
Holdings
Withdrawn status Lost status Source of classification or shelving scheme Damaged status Not for loan Collection Home library Current library Shelving location Date acquired Total Checkouts Full call number Barcode Date last seen Price effective from Koha item type
    Dewey Decimal Classification     Khmer Language Books / សៀវភៅភាសាខ្មែរ Footprints International School Library Network Toul Tom Poung Campus Footprints International School Library Network Toul Tom Poung Campus TTP Primary Khmer Bookshelves 01/05/2026   HOE PZ7 940 2026-0001 01/05/2026 01/05/2026 Khmer Books